000 00527nam a2200205 i 4500
001 bg
100 1 _aKUTERA, Jan
245 1 0 _aGospodarka gnojowicą /
_cJan Kutera.
260 _aWrocław :
_bWydaw. Akademii Rolniczej,
_c1994.
300 _a370 s. :
_brys., wykr. ;
_c24 cm.
504 _aBibliogr. s. 357-370.
650 9 _aGnojowica
_xgospodarka
020 _a8385582355
040 _cBPK
041 0 _apl
080 _a631.8
920 _a83-85582-35-5
942 _cKS
008 s pl f |000 0 pol
999 _c40126
_d40126
856 _uhttp://koha.tu.koszalin.pl/cgi-bin/koha/opac-detail.pl?biblionumber=40126
_yKatalog online BPK